| 000 | 00360nam a2200133Ia 4500 | ||
|---|---|---|---|
| 008 | 240624s9999 xx 000 0 und d | ||
| 041 | _aeng | ||
| 082 | _a370.72 KLE | ||
| 100 | _aKLEIN SHERI R | ||
| 245 | _aACTION RESEARCH METHODS PLAIN AND SIMPLE | ||
| 260 |
_c2012 _aNew York _bPalgrave Macmillan |
||
| 300 | _axiv, : 226 : p. : cm. ; 22 | ||
| 365 |
_cGBP _b50 |
||
| 999 |
_c27156 _d27156 |
||